Las garantías autónomas en el comercio internacional
Na minha lista:
| Autor principal: | |
|---|---|
| Formato: | Livro |
| Idioma: | espanhol |
| Publicado em: |
Zaragoza
Publicaciones del Real Colegio de España
2000
|
| coleção: | Studia Albornotiana, 73
|
| Assuntos: | |
| Tags: |
Adicionar Tag
Sem tags, seja o primeiro a adicionar uma tag!
|
MARC
| LEADER | 00000nam a2200000 a 4500 | ||
|---|---|---|---|
| 001 | UCM8387 | ||
| 003 | CL-VaPUC | ||
| 008 | 030314e20000000SP |||||||||||||||||spa|d | ||
| 082 | 0 | 4 | |a 341.754 |b CAR |2 21 |
| 100 | 0 | |a Carrillo Pozo, Luis F |e author |9 474417 | |
| 245 | 1 | 4 | |a Las garantías autónomas en el comercio internacional |
| 300 | |a 455 p | ||
| 942 | |c BK | ||
| 945 | |d 20030314 00:00:00 |a rbrito | ||
| 260 | |a Zaragoza |b Publicaciones del Real Colegio de España |c 2000 | ||
| 650 | 7 | |a COMERCIO INTERNACIONAL |2 CL-VaPUC |9 474418 | |
| 650 | 7 | |a GARANTIAS COMERCIALES |2 CL-VaPUC |9 474419 | |
| 650 | 7 | |a CONTRATOS DE GARANTIAS |2 CL-VaPUC |9 474420 | |
| 650 | 7 | |a SEGUROS |2 CL-VaPUC |9 474421 | |
| 583 | |a last modification |c 20030314 00:00:00 |k Rodrigo Vera | ||
| 490 | 0 | |a Studia Albornotiana, 73 | |
| 999 | |c 302907 |d 302905 | ||
| 952 | |0 0 |1 0 |4 0 |6 341_754000000000000_CAR_2000 |7 0 |8 A |9 363739 |a BIBDER |b BIBDER |d 2019-11-21 |i 3876829 |o 341.754 CAR 2000 |p 3876829 |r 2023-01-25 |w 2019-11-21 |y BK |k DER | ||